000 00358nam a22001337a 4500
999 _c521974
_d521974
008 230306b ||||| |||| 00| 0 eng d
100 _aYusuf, Zameerah
_938235
245 _aNadim and his partition poetry
260 _aSocial Scientist
300 _a50(11-12), Nov-Dec, 2022: p.43-56
773 _aSocial Scientist
906 _aHISTORY
942 _cAR